Anglo-American Directory of Mexico (Record no. 4156)

MARC details
000 -CABECERA
campo de control de longitud fija 00688nam a2200229 a 4500
001 - NÚMERO DE CONTROL
campo de control BRCA_4447
005 - FECHA Y HORA DE LA ÚLTIMA TRANSACCIÓN
campo de control 20190320204656.0
008 - DATOS DE LONGITUD FIJA--INFORMACIÓN GENERAL
campo de control de longitud fija 260810s1942----mx-a######---#000-0#eng-#
041 ## - CÓDIGO DE LENGUA
Código de lengua del texto/banda sonora o título independiente eng
044 ## - CÓDIGO DEL PAÍS DE LA ENTIDAD EDITORA/PRODUCTORA
Código MARC del país mx
050 #4 - SIGNATURA TOPOGRÁFICA DE LA BIBLIOTECA DEL CONGRESO
Número de clasificación F1204.5
Número de documento/Ítem .A54 2 1942
245 10 - MENCIÓN DE TÍTULO
Título Anglo-American Directory of Mexico
Resto del título (1942)
Mención de responsabilidad, etc. published by Jack Starr-Hunt.
260 ## - PUBLICACIÓN, DISTRIBUCIÓN, ETC.
Lugar de publicación, distribución, etc. México
Nombre del editor, distribuidor, etc. Wise Advertising
Fecha de publicación, distribución, etc. 1942
300 ## - DESCRIPCIÓN FÍSICA
Extensión xvi, 376 p.
Otras características físicas il.
Dimensiones 19 cm.
500 ## - NOTA GENERAL
Nota general Estado físico: Encuadernación deteriorada
500 ## - NOTA GENERAL
Nota general Ver también AM70 (1946) y S106 (1951-1952)
500 ## - NOTA GENERAL
Nota general H3
651 #4 - PUNTO DE ACCESO ADICIONAL DE MATERIA--NOMBRE GEOGRÁFICO
Nombre geográfico América
Subdivisión de forma Directorios
Subdivisión geográfica México
9 (RLIN) 10980
700 1# - PUNTO DE ACCESO ADICIONAL--NOMBRE DE PERSONA
Nombre de persona Starr-Hunt, Jack
9 (RLIN) 10981
902 ## - CATALOGADOR
Iniciales GFM
942 ## - ELEMENTOS DE PUNTO DE ACCESO ADICIONAL (KOHA)
Fuente del sistema de clasificación o colocación Library of Congress Classification
Tipo de ítem Koha Libros
Holdings
Estado de retiro Estado de pérdida Estado dañado No para préstamo Localización permanente Ubicación/localización actual Fecha de adquisición Número de inventario Total de préstamos Signatura topográfica completa Código de barras Fecha visto por última vez Precio válido a partir de Tipo de ítem Koha
El ejemplar forma parte de la colección y puede ser consultado según las políticas vigentes.       Biblioteca del Museo Franz Mayer (Rogerio Casas-Alatriste) Biblioteca del Museo Franz Mayer (Rogerio Casas-Alatriste) 26/08/2010 H3   F1204.5 .A54 2 1942 (H3) 4444 22/03/2019 22/03/2019 Libros